| 000 | 00549 a2200169 4500 | ||
|---|---|---|---|
| 001 | 066647 | ||
| 003 | OSt | ||
| 005 | 20211005112733.0 | ||
| 008 | |||
| 082 |
_a541.372 _bF87I |
||
| 100 | 1 | _aFreemantle, Michael | |
| 245 | 1 |
_aAn introduction to ionic liquids _cby Michael Freemantle |
|
| 260 |
_aNew Delhi _bRSC Publications _c2010 |
||
| 300 | _a281p. | ||
| 690 | _aIonic solutions; Electrolyte solutions; Biotechnology; Catalysis; Chemical reactions; Chemistry, Inorganic; Electrochemistry; Ions | ||
| 942 |
_2ddc _cBK |
||
| 999 |
_c666 _d666 |
||